Central Library OPAC University of Rajshahi

Electronic and magnetic behavior of materials / (Record no. 84076)

MARC details
000 -LEADER
fixed length control field 00804nam a22002651 4500
001 - CONTROL NUMBER
control field 84076
003 - CONTROL NUMBER IDENTIFIER
rucl marc code BD-RjUL
005 - DATE AND TIME OF LATEST TRANSACTION
control field 20241003153808.0
008 - FIXED-LENGTH DATA ELEMENTS--GENERAL INFORMATION
fixed length control field 241003s1967 njua 000 0 eng
035 ## - SYSTEM CONTROL NUMBER
System control number (BD-RjUL)84076
040 ## - CATALOGING SOURCE
Original cataloging agency DLC/ICU
Transcribing agency ICU
Modifying agency DLC
-- BD-RjUL
Language of cataloging eng
041 ## - LANGUAGE CODE
Language code of text/sound track or separate title eng
082 00 - DEWEY DECIMAL CLASSIFICATION NUMBER
Classification number 537
Author mark and year NUE 1967
100 1# - MAIN ENTRY--PERSONAL NAME
Personal name Nussbaum, Allen.
9 (RLIN) 13706
245 10 - TITLE STATEMENT
Title Electronic and magnetic behavior of materials /
Statement of responsibility, etc. Allen Nussbaum
260 ## - PUBLICATION, DISTRIBUTION, ETC. (IMPRINT)
Place of publication, distribution, etc. Englewood Cliffs, N.J. :
Name of publisher, distributor, etc. Prentice-Hall,
Date of publication, distribution, etc. 1967
300 ## - PHYSICAL DESCRIPTION
Pagination x, 155 p.:
Illustrations illus.;
Size 23 cm.
650 #0 - SUBJECT ADDED ENTRY--TOPICAL TERM
Topical term or geographic name as entry element Magnetic materials.
9 (RLIN) 13708
Topical term or geographic name as entry element Semiconductors.
Topical term or geographic name as entry element Dielectrics.
9 (RLIN) 13709
Topical term or geographic name as entry element Quantum electronics.
9 (RLIN) 13710
942 ## - ADDED ENTRY ELEMENTS (KOHA)
Source of classification or shelving scheme Dewey Decimal Classification
Koha item type Books
Holdings
Lost status Source of classification or shelving scheme Damaged status Not for loan Collection code Permanent Location Current Location Shelving location Date acquired Source of acquisition Total Checkouts Full call number Date last seen Copy number Koha item type
  Dewey Decimal Classification   Not For Loan Non-fiction Central Library, University of Rajshahi Central Library, University of Rajshahi Reading Room 19/09/2024 R.U.   537 NUE 1967 03/10/2024 C-1 Books
  Dewey Decimal Classification     Non-fiction Central Library, University of Rajshahi Central Library, University of Rajshahi General Stacks 19/09/2024 R.U.   537 NUE 1967 03/10/2024 C-2 Books